| 000 | 00000nas 2200000zi 4500 |
| 001 | 9.930534 |
| 003 | CaOODSP |
| 005 | 20250815145120 |
| 006 | m o d f |
| 007 | cr ||||||||||| |
| 008 | 231120c20239999abcar p o f0###b0fre|d |
| 022 | |z2561-1003 |
| 040 | |aCaOODSP|bfre|erda|cCaOODSP |
| 043 | |an-cn--- |
| 086 | 1 |aIu98-1/8F-PDF |
| 110 | 1 |aCanada. |bDéveloppement économique Canada pour les Prairies, |eauteur, |eorganisme de publication. |
| 245 | 10|aRapport sur les résultats ministériels ... / |cDéveloppement économique Canada pour les Prairies. |
| 264 | 1|a[Edmonton] : |bDéveloppement économique Canada pour les Prairies = Prairies Economic Development Canada, |c[2023]- |
| 310 | |aAnnuel |
| 336 | |atexte|btxt|2rdacontent/fre |
| 337 | |ainformatique|bc|2rdamedia/fre |
| 338 | |aressource en ligne|bcr|2rdacarrier/fre |
| 362 | 1 |aParaît depuis 2022-2023. |
| 500 | |aPublié aussi en anglais sous le titre : ... departmental results report. |
| 588 | |aDescription d'après : 2022-2023. |
| 588 | |aDernière livraison consultée : 2022-2023. |
| 610 | 16|aCanada. |bDéveloppement économique Canada pour les Prairies|vPériodiques. |
| 650 | 6|aDépenses publiques|vPériodiques. |
| 655 | 7|aPériodiques|2rvmgf |
| 775 | 08|t... departmental results report / |w(CaOODSP)9.930525 |
| 780 | 00|tRapport sur les résultats ministériels / |w(CaOODSP)9.837561 |